How will the environmental management approach benefit organisations within the construction industry? (Record no. 64424)
[ view plain ]
| 000 -LEADER | |
|---|---|
| fixed length control field | 00945cam a2200229 4500 |
| 001 - CONTROL NUMBER | |
| control field | ABS62798 |
| 008 - FIXED-LENGTH DATA ELEMENTS--GENERAL INFORMATION | |
| fixed length control field | 000000n2000 000 0 eng u |
| 035 ## - SYSTEM CONTROL NUMBER | |
| System control number | (Sirsi) u107851 |
| 100 ## - MAIN ENTRY--PERSONAL NAME | |
| Personal name | Whittaker, R. |
| 245 ## - TITLE STATEMENT | |
| Title | How will the environmental management approach benefit organisations within the construction industry? |
| 260 ## - PUBLICATION, DISTRIBUTION, ETC. | |
| Date of publication, distribution, etc. | 2000 |
| 490 ## - SERIES STATEMENT | |
| Series statement | ASI Journal |
| Volume/sequential designation | 12(13) August 2000, 11-15(5) |
| 520 ## - SUMMARY, ETC. | |
| Summary, etc. | Considers why the construction industry has failed to embrace quality and environmental management as enthusiastically as other industries. Suggests various approaches to tackling the problems and outlines the benefits and rewards that can be achieved by taking such a route. Diagrams. |
| 590 ## - LOCAL NOTE (RLIN) | |
| Local note | ABS |
| 650 ## - SUBJECT ADDED ENTRY--TOPICAL TERM | |
| Topical term or geographic name entry element | QUALITY MANAGEMENT |
| 650 ## - SUBJECT ADDED ENTRY--TOPICAL TERM | |
| Topical term or geographic name entry element | ENVIRONMENTAL MANAGEMENT |
| 650 ## - SUBJECT ADDED ENTRY--TOPICAL TERM | |
| Topical term or geographic name entry element | CONSTRUCTION INDUSTRY |
| 650 ## - SUBJECT ADDED ENTRY--TOPICAL TERM | |
| Topical term or geographic name entry element | LATHAM REFORMS |
| 650 ## - SUBJECT ADDED ENTRY--TOPICAL TERM | |
| Topical term or geographic name entry element | ENVIRONMENTAL POLICY |
| 690 ## - LOCAL SUBJECT ADDED ENTRY--TOPICAL TERM (OCLC, RLIN) | |
| Topical term or geographic name as entry element | QUALITY ASSURANCE |
| 942 ## - ADDED ENTRY ELEMENTS (KOHA) | |
| Suppress in OPAC | 0 |
| Withdrawn status | Lost status | Source of classification or shelving scheme | Damaged status | Not for loan | Home library | Current library | Shelving location | Date acquired | Total Checkouts | Full call number | Barcode | Date last seen | Copy number | Price effective from | Koha item type |
|---|---|---|---|---|---|---|---|---|---|---|---|---|---|---|---|
| Dewey Decimal Classification | London | London | Journal article | 17/08/2000 | ABS62798 | 107851-1001 | 06/08/2019 | 1 | 06/08/2019 | Journal article |